000 01326nam a22003017a 4500
999 _c65985
_d65985
005 20240530110853.0
008 201102s2019 ua a g b 000 0dara d
017 _a2019/10980
_bمصر. دار الكتب
020 _a9789773194994
040 _aEG-CaGPL
_cEG-CaGPL
082 0 4 _221
_a327.101/
_bع م
100 0 _aعبدالمنعم ابوادريس على
245 1 0 _aمدخل الى القرن الافريقى :
_bالقبيلة والسياسة : الصومال - اثيوبيا - اريتريا - جيبوتى /
_cعبدالمنعم ابوادريس على
250 _aط.1
260 _aالقاهرة :
_bالعربى للنشر و التوزيع،
_c2019
300 _a288 ص. ؛
_c24 سم.
504 _aيشتمل على ارجاعات ببليوجرافية
650 0 7 _aالدستور
_zالصومال
650 0 7 _aالدستور
_zاريتريا
651 0 7 _2qrmak
_aافريقيا
_xتاريخ
651 0 7 _aافريقيا
_xالاحوال السياسية
651 0 7 _aالصومال
_xالاحوال السياسية
651 0 7 _aجيبوتى
_xالاحوال السياسية
651 0 7 _aاريتريا
_xالاحوال السياسية
651 0 7 _aاثيوبيا
_xالاحوال السياسية
942 _2ddc
_cBK